000 00482nam a2200193Ia 4500
003 OSt
005 20221007082709.0
006 a|||||r|||| 00| 0
007 ta
008 221006b |||||||| |||| 00| 0 eng d
024 _a23,093
037 _cDissertations
040 _aFLL
_cFLL
_beng
041 _2eng
_aeng
100 _aLal Murari
_9699277
245 0 _aLegal profession and social responsibility
942 _cDIS
_2CC
999 _c1167423
_d1167423